01913nam a22002417a 4500003000400000005001700004008004100021020001800062040000800080041001200088100002100100245008800121250001800209260007800227300001400305505048300319505028400802520049001086650001901576650002501595650003101620700002001651OSt20241007155929.0241007b |||||||| |||| 00| 0 eng d a9781501374364 ctbs aEnglish aRousso, Chelsea. aFashion forwardb : a guide to fashion forecastingc/ Chelsea Rousso, Nancy Ostroff aThird edition aNew YorkbFairchild Books, an imprint of Bloomsbury Publishing Inc.c2024 a216 pages aPART I THE PRINCIPLES OF FASHION FORECASTING — Introduction To Fashion Forecasting — Brief History Of Contemporary Fashion — Fashion Movement — Social And Cultural Influences — Market And Sales Research For Forecasting — PART II DEVELOPING AND PRESENTING A FASHION FORECAST — Color — Textiles, Trims, Findings, And Materials — The Look — Creating And Presenting A Forecast — Glossary — Bibliography — Art Credits — Index. aInstructor Resources: Instructor's Guide provides suggestions for planning the course and using the text in the classroom, supplemental assignments, and lecture notes — PowerPoint® presentations include images from the book and provide a framework for lecture and discussion aUnlock the Secrets of Tomorrow's Style Today! In the ever-evolving world of fashion, staying ahead of the curve is essential. Fashion Forward: A Guide to Fashion Forecasting returns in its highly anticipated third edition to guide you through the dynamic realm of fashion prediction. Whether you're a budding fashion enthusiast, a trend-conscious designer, or a seasoned industry professional, this book is your compass to navigate the exciting and unpredictable landscape of fashion.  0aFashion design 0aFashionxForecasting 0aFashionxbeauty industries aOstroff, Nancy.